La Macédoine du Nord pour les touristes... - Facile - Statistiques

Statistiques générales
  • Ce quiz a été pris 15 fois
  • Le résultat moyen est 12 sur 20
Statistiques - réponses
Question Indice Réponses Indice facile % Correct
Quelle sont les langues officielles ? Macédonien
100%
La vitesse est limitée sur autoroute à {130} km/h
83%
Quelle sont les langues officielles ? Albanais A
83%
Dans la capitale y-a-t-il un décalage horaire avec Paris ? (oui/non) Non
83%
Quelles sont les principales villes touristiques ? S Skopje
83%
La conduite se fait à droite ou à gauche ? Droite
75%
Achats à faire 2/ Bijoux en filigrane d' Ohrid RIHOR
75%
Quelles sont les principales villes touristiques ? O Ohrid
75%
Quels espaces naturels peut-on visiter ? M Canyon de {Matka} KATMA
67%
Quelle est la monnaie ? Denar D
67%
Quelles sont les principales villes touristiques ? B Bitola TOIBAL
58%
Quelle autre langue est répandue ? A Anglais A
50%
Achats à faire 1/ Chaussons en... Cuir CRIU
50%
Le suffixe internet est mk
50%
Achats à faire 3/ Pierre rouge Rubis BUISR
50%
Le taux d'alcoolémie toléré au volant est de {0.5} g/l
42%
La religion majoritaire est Orthodoxisme O
42%
Quels espaces naturels peut-on visiter ? M Parc de {Mavrovo} AVVROOM
42%
Quels espaces naturels peut-on visiter ? P Lac de {Prespa} PAREPAS
25%
Quels espaces naturels peut-on visiter ? P Parc national de {Pelister} RETISLEP
0%
Aucun quiz correspondant
Distribution des résultats
% des personnes avec chaque résultat
Percentile par nombre de réponses
Votre historique - résultats
Vous n’avez pas pris ce quiz